A la puerta del suizo (Record no. 160534)

MARC details
000 -LEADER
campo de control de longitud fija 01032nam a22002055i 4500
001 - NÚMERO DE CONTROL
campo de control 160534
003 - IDENTIFICADOR DE NÚMERO DE CONTROL
campo de control ES-MaACL
005 - FECHA Y HORA DE LA ÚLTIMA TRANSACCIÓN
campo de control 20230906212048.0
008 - DATOS DE LONGITUD FIJA--INFORMACIÓN GENERAL
campo de control de longitud fija 000404s1877 sp |||| | spa d
040 ## - FUENTE DE CATALOGACIÓN
Centro catalogador/agencia de origen CAM
Lengua de catalogación spa
Centro/agencia transcriptor CAM
100 1# - ENTRADA PRINCIPAL--NOMBRE DE PERSONA
Nombre de persona Navarro, Calisto.
9 (RLIN) 130413
245 10 - MENCIÓN DEL TÍTULO
Título A la puerta del suizo
Resto del título : pasillo cómico-lírico en un acto y en verso /
Mención de responsabilidad, etc. original de ... Calisto Navarro y Manuel Cuartero ; música del maestro Angel Rubio.
260 ## - PUBLICACIÓN, DISTRIBUCIÓN, ETC.
Lugar de publicación, distribución, etc. Madrid :
Nombre del editor, distribuidor, etc. [Administración lírico-dramática],
Fecha de publicación, distribución, etc. 1877 (
Fabricante Establecimiento tipográfico dirigido por José Cayetano Conde)
300 ## - DESCRIPCIÓN FÍSICA
Extensión 27 p. ;
Dimensiones 20 cm.
500 ## - NOTA GENERAL
Nota general En port.: Estrenado ... en el Teatro del Recreo de Madrid la noche del 12 de abril de 1877.
596 ## - NOTA AL PIE DE IMPRENTA
NOTA AL PIE DE IMPRENTA Mención de editor consta en la cub.
700 1# - ENTRADA AGREGADA--NOMBRE PERSONAL
Nombre de persona Cuartero, Manuel.
9 (RLIN) 126653
700 0# - ENTRADA AGREGADA--NOMBRE PERSONAL
Nombre de persona Rubio, Angel.
9 (RLIN) 100337
852 ## - LOCALIZACIÓN
Ubicación ES-MaACL
Número de control de estantería F-8578(4)
Nota libre -- Enc. pasta española
condición física -- Falto de la cub. original
Nota libre -- Enc. en un vol. facticio ormando parte de la col. facticia Teatro español moderno, vol. 31
Holdings
Estatus retirado Estado de pérdida Estado de daño No para préstamo Colección Biblioteca de origen Biblioteca actual Ubicación en estantería Fecha de adquisición Total de préstamos Signatura topográfica completa Código de barras Visto por última vez Precio de reemplazo Tipo de ítem Koha
        Libros del s. XIX Biblioteca del Ateneo de Madrid Biblioteca del Ateneo de Madrid Sala Pecera Planta 2 17/01/2008   F-8578(4) 1168090 23/02/2023 23/02/2023 Libro impreso antiguo